Giáo trình cơ học

保存先:
書誌詳細
第一著者: Bạch, Thành Công
フォーマット: 図書
言語:Undetermined
出版事項: Hà Nội Giáo dục 2005
主題:
タグ: タグ追加
タグなし, このレコードへの初めてのタグを付けませんか!
Thư viện lưu trữ: Trung tâm Học liệu Trường Đại học Cần Thơ
LEADER 00498nam a2200193Ia 4500
001 CTU_100928
008 210402s9999 xx 000 0 und d
020 |c 23000 
082 |a 531 
082 |b C455 
100 |a Bạch, Thành Công 
245 0 |a Giáo trình cơ học 
245 0 |c Bạch Thành Công 
260 |a Hà Nội 
260 |b Giáo dục 
260 |c 2005 
650 |a Mechanics 
904 |i Tuyến 
980 |a Trung tâm Học liệu Trường Đại học Cần Thơ